[Event "Olympiad-40"]
[Site "Istanbul"]
[Date "2012.09.09"]
[Round "11.1"]
[White "Rosenbeiger, Alan"]
[Black "Punongbayan, Hexilon Dela Cruz"]
[Result "1/2-1/2"]
[WhiteElo "2151"]
[BlackElo "2091"]
[PlyCount "117"]
[EventDate "2012.08.28"]
[EventType "team-swiss"]
[EventRounds "11"]
[EventCountry "TUR"]
[SourceTitle "CBM 151"]
[Source "ChessBase"]
[SourceDate "2012.11.13"]
[SourceVersion "1"]
[SourceVersionDate "2012.11.13"]
[SourceQuality "1"]
[WhiteTeam "Jersey"]
[BlackTeam "Macau"]
[WhiteTeamCountry "JCI"]
[BlackTeamCountry "MAC"]

1. d4 Nf6 2. Nf3 g6 3. c4 Bg7 4. Nc3 0-0 5. e4 d6 6. Be2 c5 7. d5 Nbd7 8. h3 a6 9. 0-0 Rb8 10. a4 Qb6 11. Qc2 e5 12. dxe6 fxe6 13. Rd1 Ne8 14. Be3 Ne5 15. Nxe5 Bxe5 16. a5 Qc7 17. Qd2 Qf7 18. g3 Bd7 19. f4 Bg7 20. e5 g5 21. Kh2 gxf4 22. gxf4 Bh6 23. Rg1+ Kh8 24. Raf1 Bc6 25. f5 Bxe3 26. Qxe3 exf5 27. e6 Qf6 28. Bh5 Ng7 29. Bf7 Nxe6 30. Qxe6 Qxf7 31. Qxd6 Rbd8 32. Qe5+ Qf6 33. Qxc5 Rd2+ 34. Rf2 Rxf2+ 35. Qxf2 Qe5+ 36. Qg3 f4 37. Qg5 Qd4 38. Nd5 Bxd5 39. Qxd5 Qxb2+ 40. Rg2 Qf6 41. Qf3 Qd4 42. Qd5 Qxd5 43. cxd5 Rd8 44. Rd2 Kg7 45. Kg2 Kf6 46. Kf3 Ke5 47. Re2+ Kf5 48. Rd2 Rd6 49. h4 Ke5 50. Re2+ Kxd5 51. Kxf4 b5 52. axb6 Rxb6 53. Ra2 Rf6+ 54. Kg5 Rg6+ 55. Kf5 Kc5 56. h5 Rd6 57. Ra1 Kb6 58. Rb1+ Ka7 59. Re1 1/2-1/2

[Event "Olympiad-40"]
[Site "Istanbul"]
[Date "2012.09.05"]
[Round "8.1"]
[White "Rosenbeiger, Alan"]
[Black "Al Hajiri, Bader"]
[Result "1-0"]
[WhiteElo "2151"]
[BlackElo "2072"]
[PlyCount "63"]
[EventDate "2012.08.28"]
[EventType "team-swiss"]
[EventRounds "11"]
[EventCountry "TUR"]
[SourceTitle "CBM 151"]
[Source "ChessBase"]
[SourceDate "2012.11.13"]
[SourceVersion "1"]
[SourceVersionDate "2012.11.13"]
[SourceQuality "1"]
[WhiteTeam "Jersey"]
[BlackTeam "Kuwait"]
[WhiteTeamCountry "JCI"]
[BlackTeamCountry "KUW"]

1. d4 d5 2. c4 c6 3. Nf3 Nf6 4. Qc2 e6 5. g3 Nbd7 6. Bg2 Be7 7. 0-0 0-0 8. Nc3 b6 9. Rd1 Bb7 10. e4 dxc4 11. e5 Nd5 12. Ne4 b5 13. Bg5 h6 14. Bxe7 Qxe7 15. b3 N7b6 16. Bf1 Nb4 17. Qb1 c5 18. bxc4 bxc4 19. a3 N4d5 20. Rc1 cxd4 21. Nxd4 Ba6 22. Nd6 Nd7 23. Nc6 Qg5 24. Qe4 Nc5 25. Qg2 Nb3 26. f4 Qg6 27. Rd1 Nxa1 28. Rxd5 Qb1 29. Ra5 c3 30. Rxa6 c2 31. Ne7+ Kh8 32. Nxf7+ 1-0

[Event "Olympiad-40"]
[Site "Istanbul"]
[Date "2012.08.29"]
[Round "2.1"]
[White "Jere, Daniel"]
[Black "Rosenbeiger, Alan"]
[Result "1-0"]
[WhiteElo "2382"]
[BlackElo "2151"]
[PlyCount "83"]
[EventDate "2012.08.28"]
[EventType "team-swiss"]
[EventRounds "11"]
[EventCountry "TUR"]
[SourceTitle "CBM 151"]
[Source "ChessBase"]
[SourceDate "2012.11.13"]
[SourceVersion "1"]
[SourceVersionDate "2012.11.13"]
[SourceQuality "1"]
[WhiteTeam "Zambia"]
[BlackTeam "Jersey"]
[WhiteTeamCountry "ZAM"]
[BlackTeamCountry "JCI"]

1. c4 d6 2. g3 g6 3. Bg2 Bg7 4. Nc3 c6 5. e4 e5 6. Nge2 Be6 7. d3 Qd7 8. 0-0 Bh3 9. f4 Bxg2 10. Kxg2 Ne7 11. Be3 h5 12. h3 f5 13. h4 b6 14. d4 fxe4 15. fxe5 Nf5 16. Qd2 dxe5 17. d5 Na6 18. Rad1 Nc7 19. Bg5 e3 20. Qd3 0-0 21. Qe4 c5 22. Bxe3 Ne8 23. Qd3 Nf6 24. Ne4 Nxe4 25. Qxe4 Kh7 26. Nc3 Nd6 27. Qd3 Qg4 28. Bg5 Qxc4 29. Qxc4 Nxc4 30. Ne4 Bh6 31. b3 Ne3+ 32. Bxe3 Bxe3 33. d6 Kg7 34. Rxf8 Kxf8 35. Rd3 Bd4 36. Rf3+ Kg8 37. Rf6 Kg7 38. Re6 a5 39. Re7+ Kf8 40. Ng5 e4 41. Ne6+ Kg8 42. d7 1-0

[Event "Olympiad-39"]
[Site "Khanty-Mansiysk"]
[Date "2010.09.28"]
[Round "7.1"]
[White "Cordova, Emilio"]
[Black "Rosenbeiger, Alan"]
[Result "1-0"]
[WhiteElo "2539"]
[BlackElo "2153"]
[PlyCount "81"]
[EventDate "2010.09.21"]
[EventType "team-swiss"]
[EventRounds "11"]
[EventCountry "RUS"]
[SourceTitle "CBM 139"]
[Source "ChessBase"]
[SourceDate "2010.11.18"]
[SourceVersion "1"]
[SourceVersionDate "2010.11.18"]
[SourceQuality "1"]
[WhiteTeam "Peru"]
[BlackTeam "Jersey"]
[WhiteTeamCountry "PER"]
[BlackTeamCountry "JCI"]

1. d4 d5 2. c4 c6 3. Nc3 Nf6 4. cxd5 Nxd5 5. e4 Nb6 6. Be3 g6 7. Nf3 Bg7 8. a4 Be6 9. Ng5 Qc8 10. Rc1 h6 11. Nxe6 Qxe6 12. b3 0-0 13. a5 Nc8 14. Bc4 Qd7 15. e5 b5 16. Be2 f5 17. exf6 exf6 18. d5 Qd8 19. Bf3 Ne7 20. 0-0 b4 21. dxc6 Nbxc6 22. Nd5 Qxa5 23. Nxe7+ Nxe7 24. Bxa8 Rxa8 25. Qd7 Qd8 26. Qe6+ Kh7 27. Rfd1 Qe8 28. Bxh6 Nf5 29. Qxe8 Rxe8 30. Bxg7 Kxg7 31. Rc7+ Kh6 32. g3 Re4 33. Rxa7 Nd4 34. Rd3 Nc6 35. Ra6 Ne5 36. Rdd6 Re1+ 37. Kg2 Rb1 38. Rxf6 Rxb3 39. Rfe6 Nd3 40. Rxg6+ Kh7 41. Rgd6 1-0

[Event "EU Small Countries ol"]
[Site "Andorra"]
[Date "2009.06.25"]
[Round "6"]
[White "Rowe, Peter"]
[Black "Rosenbeiger, Alan"]
[Result "1/2-1/2"]
[WhiteElo "2042"]
[BlackElo "2160"]
[PlyCount "23"]
[EventDate "2009.06.21"]
[EventType "team"]
[EventRounds "9"]
[EventCountry "AND"]
[SourceTitle "CBM 130 Extra"]
[Source "ChessBase"]
[SourceDate "2009.07.02"]
[SourceVersion "2"]
[SourceVersionDate "2009.07.15"]
[SourceQuality "1"]

1. d4 e6 2. Nf3 c5 3. e3 Nf6 4. Be2 b6 5. c4 Bb7 6. Nc3 d6 7. b3 Be7 8. Bb2 0-0 9. 0-0 Nbd7 10. Qc2 cxd4 11. Nxd4 d5 12. cxd5 1/2-1/2

[Event "POL-chT U19 29th"]
[Site "Rowy"]
[Date "1998.08.21"]
[Round "2"]
[White "Bartel, Mateusz"]
[Black "Rosenbeiger, Alan"]
[Result "1-0"]
[WhiteElo "2160"]
[BlackElo "2125"]
[PlyCount "83"]
[EventDate "1998.08.20"]
[EventType "team-tourn"]
[EventRounds "11"]
[EventCountry "POL"]
[SourceTitle "EXT 2000"]
[Source "ChessBase"]
[SourceDate "1999.11.16"]
[SourceVersion "1"]
[SourceVersionDate "1999.11.16"]
[SourceQuality "1"]
[WhiteTeam "Warszawa Polonia PKO BP U19"]
[BlackTeam "Gorzow Wielkopolski Stilon U19"]
[WhiteTeamCountry "POL"]
[BlackTeamCountry "POL"]

1. e4 c5 2. Nf3 d6 3. c3 Nf6 4. Bd3 Nbd7 5. Bc2 e6 6. 0-0 Be7 7. d4 Qc7 8. Re1 e5 9. dxe5 dxe5 10. c4 Nb6 11. Ba4+ Kf8 12. Bb3 Bg4 13. Nc3 h6 14. h3 Bxf3 15. Qxf3 g6 16. a4 a5 17. Bd2 Kg7 18. Nb5 Qc6 19. Bc3 Nbd7 20. Rad1 b6 21. Qg3 Nh5 22. Qd3 Rad8 23. Qd5 Qxd5 24. cxd5 Bf6 25. g3 g5 26. Bc4 Kg6 27. Kh2 Ng7 28. Be2 h5 29. f4 h4 30. f5+ Kh7 31. g4 Ne8 32. Bc4 Nb8 33. d6 Kg7 34. Rd5 Kf8 35. Red1 Nd7 36. Na7 Nb8 37. d7 Nc7 38. Rd6 Be7 39. Rxb6 Nxd7 40. Rb7 Nf6 41. Rxd8+ Bxd8 42. Bxe5 1-0

[Event "POL-ch U18"]
[Site "Krynica"]
[Date "1998.??.??"]
[Round "?"]
[White "Plich, Adam"]
[Black "Rosenbeiger, Alan"]
[Result "1/2-1/2"]
[WhiteElo "2065"]
[BlackElo "2135"]
[PlyCount "66"]
[EventDate "1998.??.??"]
[EventType "swiss"]
[EventRounds "11"]
[EventCountry "POL"]
[SourceTitle "EXT 2002"]
[Source "ChessBase"]
[SourceDate "2001.11.25"]
[SourceVersion "1"]
[SourceVersionDate "2001.11.25"]
[SourceQuality "1"]

1. e4 c5 2. c3 e5 3. Nf3 Nc6 4. Bc4 Qc7 5. d3 Nf6 6. Bg5 Be7 7. Nbd2 0-0 8. Nf1 d6 9. Bxf6 Bxf6 10. Ne3 Be6 11. h4 Qd7 12. Ng5 g6 13. Nxe6 fxe6 14. Qg4 Rae8 15. g3 Na5 16. h5 Nxc4 17. dxc4 Qf7 18. 0-0-0 Be7 19. Rh2 Kg7 20. Rdh1 g5 21. Rf1 Kh8 22. f3 h6 23. Rd2 Qg8 24. Rd3 Rf6 25. Qh3 Kh7 26. Qg2 Ref8 27. Ng4 R6f7 28. Qc2 Ra8 29. Qb3 b6 30. Kd2 Qc8 31. a4 a6 32. Ke2 Rb8 33. Ne3 Rf8 1/2-1/2

[Event "MK Cafe Cup-B"]
[Site "Koszalin"]
[Date "1998.??.??"]
[Round "3"]
[White "Rosenbeiger, Alan"]
[Black "Flis, Jacek"]
[Result "0-1"]
[WhiteElo "2125"]
[BlackElo "2310"]
[PlyCount "114"]
[EventDate "1998.08.??"]
[EventType "swiss"]
[EventRounds "10"]
[EventCountry "POL"]
[SourceTitle "EXT 1999"]
[Source "ChessBase"]
[SourceDate "1998.11.16"]
[SourceVersion "1"]
[SourceVersionDate "1998.11.16"]
[SourceQuality "1"]

1. d4 Nf6 2. c4 d6 3. Nc3 Nbd7 4. g3 g6 5. Bg2 Bg7 6. d5 0-0 7. Nf3 Nb6 8. Nd2 Bd7 9. 0-0 c6 10. a4 a5 11. Qb3 e6 12. e4 exd5 13. cxd5 cxd5 14. exd5 Bf5 15. Ndb1 Nbd7 16. Nb5 Nc5 17. Qa3 Ng4 18. N1c3 Re8 19. Bf4 Ne5 20. Qa2 Ncd3 21. Bxe5 Bxe5 22. Be4 Bxe4 23. Nxe4 f5 24. Nec3 Nb4 25. Qb3 Rc8 26. Qd1 f4 27. Rc1 Qd7 28. Kg2 Rf8 29. f3 fxg3 30. hxg3 Rc5 31. Ne4 Rxc1 32. Qxc1 Nxd5 33. Qc4 Qf7 34. Qd3 Nb4 35. Qd2 d5 36. Ng5 Qf5 37. f4 Bf6 38. Nd6 Qd7 39. Nde4 Bg7 40. Nc5 Qc6 41. Nge6 b6 42. Nxf8 bxc5 43. Nxh7 Kxh7 44. f5 d4+ 45. Kh2 gxf5 46. Qe2 Qh6+ 47. Kg2 Qc6+ 48. Kg1 Qg6 49. Kg2 Nd5 50. Rh1+ Bh6 51. Qb5 Ne3+ 52. Kf3 Qg4+ 53. Kf2 Nd1+ 54. Rxd1 Qxd1 55. Qd7+ Kg6 56. Qe8+ Kg5 57. Qd8+ Kh5 0-1

[Event "POL-ch U18"]
[Site "Krynica"]
[Date "1998.??.??"]
[Round "?"]
[White "Rybak, Tomasz"]
[Black "Rosenbeiger, Alan"]
[Result "1/2-1/2"]
[WhiteElo "2075"]
[BlackElo "2135"]
[PlyCount "44"]
[EventDate "1998.??.??"]
[EventType "swiss"]
[EventRounds "11"]
[EventCountry "POL"]
[SourceTitle "EXT 2002"]
[Source "ChessBase"]
[SourceDate "2001.11.25"]
[SourceVersion "1"]
[SourceVersionDate "2001.11.25"]
[SourceQuality "1"]

1. c4 Nf6 2. Nf3 e6 3. g3 b6 4. Bg2 Bb7 5. 0-0 Be7 6. b3 0-0 7. Bb2 c5 8. Nc3 d5 9. cxd5 exd5 10. d4 Nc6 11. Rc1 Rc8 12. Na4 cxd4 13. Nxd4 Qd7 14. Qd3 Nxd4 15. Bxd4 Qe6 16. Nc3 Ne4 17. Rfd1 Rfd8 18. e3 h6 19. Rc2 Bb4 20. Rdc1 Ba3 21. Rd1 Bb4 22. Rdc1 Ba3 1/2-1/2

[Event "POL-ch sf"]
[Site "Poraj "]
[Date "1997.??.??"]
[Round "9"]
[White "Filipek, Jakub"]
[Black "Rosenbeiger, Alan"]
[Result "1-0"]
[WhiteElo "2390"]
[BlackElo "2130"]
[PlyCount "51"]
[EventDate "1997.??.??"]
[EventType "swiss"]
[EventRounds "11"]
[EventCountry "POL"]
[SourceTitle "EXT 2000"]
[Source "ChessBase"]
[SourceDate "1999.11.16"]
[SourceVersion "1"]
[SourceVersionDate "1999.11.16"]
[SourceQuality "1"]

1. e4 c5 2. Nf3 d6 3. d4 cxd4 4. Nxd4 Nf6 5. Nc3 a6 6. Bg5 e6 7. f4 h6 8. Bh4 Be7 9. Qf3 Qc7 10. 0-0-0 Nbd7 11. Bd3 b5 12. e5 Bb7 13. Nxe6 fxe6 14. Bg6+ Kd8 15. Qh3 Qc4 16. exd6 b4 17. dxe7+ Kxe7 18. Qg3 Rhg8 19. Bd3 Qc5 20. Na4 Qa5 21. Rhe1 Qxa4 22. Bc4 Nc5 23. f5 Qc6 24. Bxe6 Kf8 25. Bxf6 Nxe6 26. Be7+ 1-0

[Event "POL-ch sf"]
[Site "Poraj "]
[Date "1997.??.??"]
[Round "2"]
[White "Rosenbeiger, Alan"]
[Black "Jakubowski, Krzysztof"]
[Result "0-1"]
[WhiteElo "2130"]
[BlackElo "2235"]
[PlyCount "58"]
[EventDate "1997.??.??"]
[EventType "swiss"]
[EventRounds "11"]
[EventCountry "POL"]
[SourceTitle "EXT 2000"]
[Source "ChessBase"]
[SourceDate "1999.11.16"]
[SourceVersion "1"]
[SourceVersionDate "1999.11.16"]
[SourceQuality "1"]

1. d4 Nf6 2. c4 e6 3. Nc3 Bb4 4. e3 c5 5. Nge2 cxd4 6. exd4 d5 7. c5 0-0 8. a3 Bxc3+ 9. Nxc3 Nc6 10. Bf4 Ne4 11. Nxe4 dxe4 12. Bd6 Re8 13. Qd2 e5 14. d5 Nd4 15. Rd1 Bg4 16. Bxe5 Nb3 17. Qc3 Bxd1 18. Bxg7 Bh5 19. Bc4 Qg5 20. Bf6 Qxg2 21. Bxb3 Qxh1+ 22. Kd2 e3+ 23. fxe3 Qxh2+ 24. Kd3 Qe2+ 25. Kd4 Qg4+ 26. Kd3 Bg6+ 27. Kd2 Qg2+ 28. Ke1 Qg1+ 29. Ke2 Bh5+ 0-1

[Event "Krakow festival 7th"]
[Site "Krakow"]
[Date "1996.??.??"]
[Round "2"]
[White "Lada, Marek"]
[Black "Rosenbeiger, Alan"]
[Result "1-0"]
[WhiteElo "2220"]
[BlackElo "2115"]
[PlyCount "119"]
[EventDate "1996.??.??"]
[EventType "swiss"]
[EventRounds "9"]
[EventCountry "POL"]
[SourceTitle "EXT 2001"]
[Source "ChessBase"]
[SourceDate "2000.11.22"]
[SourceVersion "1"]
[SourceVersionDate "2000.11.22"]
[SourceQuality "1"]

1. Nf3 b6 2. g3 Bb7 3. Bg2 Nf6 4. c4 e6 5. b3 Be7 6. Bb2 0-0 7. 0-0 c5 8. Nc3 d5 9. e3 dxc4 10. bxc4 Nc6 11. Ne1 Qd7 12. f4 Rad8 13. d3 Na5 14. Bxb7 Qxb7 15. Qe2 a6 16. a4 Nc6 17. g4 Nb4 18. g5 Ne8 19. Rd1 e5 20. Qh5 Nd6 21. fxe5 g6 22. Qh3 Nf5 23. Rxf5 gxf5 24. Qxf5 Qd7 25. Qf4 Qh3 26. Ne4 h6 27. gxh6 Kh7 28. Ng3 Bh4 29. Qe4+ Kxh6 30. Nf5+ Kh5 31. Ng2 Bg5 32. e6 fxe6 33. Ng7+ Kh6 34. Qxe6+ Qxe6 35. Nxe6 Rxd3 36. Rxd3 Nxd3 37. Bg7+ Kg6 38. Bxf8 Kf7 39. Nxg5+ Kxf8 40. Ne6+ Ke7 41. Nc7 Kd6 42. Nxa6 Nb2 43. h4 Nxc4 44. h5 Ke5 45. Kf2 Nb2 46. a5 bxa5 47. Nxc5 a4 48. Nf4 a3 49. h6 Kf6 50. Ne4+ Kf7 51. Ng5+ Ke7 52. h7 a2 53. Nd5+ Kd7 54. h8Q a1Q 55. Qh7+ Kd6 56. e4 Nd3+ 57. Ke3 Qg1+ 58. Kxd3 Qxg5 59. Qc7+ Ke6 60. Nf4+ 1-0

[Event "Krakow festival 7th"]
[Site "Krakow"]
[Date "1996.??.??"]
[Round "3"]
[White "Rosenbeiger, Alan"]
[Black "Szczechowicz, Bartosz"]
[Result "1/2-1/2"]
[WhiteElo "2115"]
[BlackElo "2125"]
[PlyCount "118"]
[EventDate "1996.??.??"]
[EventType "swiss"]
[EventRounds "9"]
[EventCountry "POL"]
[SourceTitle "EXT 2001"]
[Source "ChessBase"]
[SourceDate "2000.11.22"]
[SourceVersion "1"]
[SourceVersionDate "2000.11.22"]
[SourceQuality "1"]

1. d4 Nf6 2. c4 e6 3. Nc3 Bb4 4. e3 c5 5. Bd3 Nc6 6. Nge2 cxd4 7. exd4 d5 8. 0-0 dxc4 9. Bxc4 0-0 10. Bg5 Be7 11. h3 Qa5 12. Be3 Rd8 13. a3 Nd5 14. Nxd5 exd5 15. Ba2 Bf6 16. Rc1 Be6 17. f4 Bf5 18. Rc5 Qb6 19. b4 Be4 20. Nc3 Be7 21. Nxd5 Bxd5 22. Rxd5 Rxd5 23. Bxd5 Bf6 24. Bxc6 bxc6 25. Qd3 Rd8 26. Rd1 Rd5 27. Qc4 g6 28. a4 a6 29. a5 Qb5 30. Rc1 Be7 31. Qxc6 Bxb4 32. Qf6 Qe8 33. Bf2 Rd6 34. Qe5 Qd8 35. Rd1 Rd5 36. Qe2 Bxa5 37. Qxa6 Bb6 38. Qc4 Qd6 39. g3 h5 40. h4 Qd7 41. Kh2 Kg7 42. Rb1 Rd6 43. Rb4 Qd8 44. Qe2 Kh7 45. Qe4 Qd7 46. Qd3 Bc5 47. Rc4 Bb6 48. Qc3 Rd5 49. Qb4 Rd6 50. Qa4 Qd8 51. f5 Rf6 52. fxg6+ fxg6 53. Qc2 Qd5 54. Rb4 Qd6 55. Ra4 Qd5 56. Qe2 Qf5 57. Be3 Rf7 58. Rb4 Bc7 59. Rb2 Qe4 1/2-1/2

[Event "Krakow festival 7th"]
[Site "Krakow"]
[Date "1996.??.??"]
[Round "7"]
[White "Splosnov, Sergei"]
[Black "Rosenbeiger, Alan"]
[Result "1-0"]
[WhiteElo "2285"]
[BlackElo "2115"]
[PlyCount "91"]
[EventDate "1996.??.??"]
[EventType "swiss"]
[EventRounds "9"]
[EventCountry "POL"]
[SourceTitle "EXT 2001"]
[Source "ChessBase"]
[SourceDate "2000.11.22"]
[SourceVersion "1"]
[SourceVersionDate "2000.11.22"]
[SourceQuality "1"]

1. d4 Nf6 2. Nf3 c5 3. c4 g6 4. g3 Bg7 5. Bg2 0-0 6. 0-0 cxd4 7. Nxd4 Nc6 8. Nc3 Qb6 9. Ndb5 d6 10. Be3 Qa5 11. Rc1 Be6 12. b3 a6 13. Nd4 Ng4 14. Nxc6 bxc6 15. Bd2 Qh5 16. h3 Nf6 17. e3 Qxd1 18. Rfxd1 Rab8 19. Na4 c5 20. Ba5 Bd7 21. Nb6 Bc8 22. Nxc8 Rfxc8 23. f4 Ne8 24. Rc2 Nc7 25. g4 Ne6 26. h4 Nd8 27. h5 Nc6 28. Bxc6 Rxc6 29. Kf2 Bf6 30. hxg6 hxg6 31. Kf3 e6 32. Rcd2 Bd8 33. Bc3 Bc7 34. Bf6 Kf8 35. Rh2 Ke8 36. e4 Kd7 37. Rh7 Rf8 38. e5 Bd8 39. Bg7 Re8 40. Bh6 Re7 41. Bf8 Bc7 42. Bxe7 Kxe7 43. exd6+ Bxd6 44. Rh8 Rb6 45. Rc8 f6 46. Rh1 1-0

[Event "Czestochowa YAWAL op"]
[Site "Czestochowa"]
[Date "1994.??.??"]
[Round "8"]
[White "Klementys, Jerzy"]
[Black "Rosenbeiger, Alan"]
[Result "0-1"]
[WhiteElo "1800"]
[BlackElo "2000"]
[PlyCount "54"]
[EventDate "1994.??.??"]
[EventType "swiss"]
[EventRounds "9"]
[EventCountry "POL"]
[SourceTitle "EXT 2006"]
[Source "ChessBase"]
[SourceDate "2005.11.24"]
[SourceVersion "1"]
[SourceVersionDate "2005.11.24"]
[SourceQuality "1"]

1. e4 c5 2. Nf3 Nc6 3. d4 cxd4 4. Nxd4 Nf6 5. Nc3 e5 6. Ndb5 d6 7. Bg5 a6 8. Na3 b5 9. Nd5 Be7 10. Bxf6 Bxf6 11. Nxf6+ Qxf6 12. Qd5 Bb7 13. 0-0-0 Qxf2 14. Nxb5 axb5 15. Bxb5 0-0 16. Bxc6 Bxc6 17. Qxc6 Rfc8 18. Rd2 Qxd2+ 19. Kxd2 Rxc6 20. a3 Rb6 21. Kc1 Rc6 22. Rd1 Ra4 23. Re1 Rcc4 24. Rd1 Rxe4 25. Rxd6 Rad4 26. Rxd4 Rxd4 27. c3 Rd8 0-1

[Event "Czestochowa YAWAL op"]
[Site "Czestochowa"]
[Date "1994.??.??"]
[Round "3"]
[White "Rosenbeiger, Alan"]
[Black "Dukowicz, Adam"]
[Result "1-0"]
[WhiteElo "2000"]
[BlackElo "1800"]
[PlyCount "50"]
[EventDate "1994.??.??"]
[EventType "swiss"]
[EventRounds "9"]
[EventCountry "POL"]
[SourceTitle "EXT 2006"]
[Source "ChessBase"]
[SourceDate "2005.11.24"]
[SourceVersion "1"]
[SourceVersionDate "2005.11.24"]
[SourceQuality "1"]

1. d4 Nf6 2. c4 e6 3. Nc3 Bb4 4. e3 0-0 5. Bd3 d5 6. Nge2 b6 7. 0-0 Bb7 8. cxd5 Nxd5 9. Nxd5 Qxd5 10. e4 Qd8 11. a3 Be7 12. Be3 Nd7 13. Ng3 Nf6 14. e5 Nd5 15. Qh5 g6 16. Qh6 Re8 17. Ne4 Bf8 18. Qh3 Bg7 19. Bh6 Bh8 20. Rfe1 Bg7 21. Bc4 a6 22. Bg5 Qd7 23. Bxd5 Qxd5 24. Rad1 Rac8 25. Bf6 Qb3 1-0